Kultúrny hybrid s funkciou bývania, PKO, Bratislava

Uložené v:
Podrobná bibliografia
Hlavný autor: Šišuláková, Hana, 1990- (Autor)
Ďalší autori: Tóthová, Zuzana, 1964- (Vedúci práce)
Médium: Rukopis Kniha
Jazyk:Slovak
Vydavateľské údaje: Bratislava 2015
Predmet:
On-line prístup:http://is.stuba.sk/zp/portal_zp.pl?podrobnosti=112416
Tagy: Pridať tag
Žiadne tagy, Buďte prvý, kto otaguje tento záznam!

MARC

LEADER 00000ntm a22000003a 4500
001 stuzp51925
003 SK-STU
005 20210309090916.4
007 ta
008 150427s2015----xo-----f-mn---000-0-slo-d
040 |a STU  |b slo 
041 0 |a slo 
100 1 |a Šišuláková, Hana,  |d 1990-  |u 051110  |4 aut  |U FAD Fakulta architektúry a dizajnu  |U FAD Fakulta architektúry  |T FA Ústav architektúry obytných budov  |X 68309  |U A1110  |Y 392  |7 A000068309 
242 0 1 |a Cultural hybrid building with the function of housing, PKO, Bratislava  |y eng 
245 1 0 |a Kultúrny hybrid s funkciou bývania, PKO, Bratislava 
260 |c 2015  |a Bratislava 
650 4 |a nábrežie Dunaja, PKO Bratislava  |2 slo 
650 4 |a kultúrny hybridný dom  |2 slo 
650 4 |a urbanisticko - architektonická štúdia  |2 slo 
650 4 |a urban - architectural study  |2 eng 
650 4 |a Danube embankment, PKO Bratislava  |2 eng 
650 4 |a cultural hybrid house  |2 eng 
700 1 |a Tóthová, Zuzana,  |d 1964-  |4 ths  |X 389  |7 A000000389 
856 4 |u http://is.stuba.sk/zp/portal_zp.pl?podrobnosti=112416  |u https://opac.crzp.sk/?fn=detailBiblioForm&sid=B0CF7CC41D9BADE8D0FE47764A9F 
SQL |a stuzp51925  |b DDP  |c SLO  |d Kultúrny hybrid s funkciou bývania, PKO, Bratislava  |e 68309  |f Šišuláková, Hana  |g 051110  |h 389  |i Tóthová, Zuzana  |j 20150604  |k 153  |l 05  |m http://is.stuba.sk/zp/portal_zp.pl?podrobnosti=112416  |n I-ARCH  |o 5.1.1. architektúra a urbanizmus